La publicité et la loi en droit français, Union européene et Suisse (Record no. 41887)
[ view plain ]
| 000 -LEADER | |
|---|---|
| fixed length control field | 00666 a2200265 4500 |
| 037 ## - SOURCE OF ACQUISITION | |
| Source of stock number/acquisition | 1, Achat |
| 037 ## - SOURCE OF ACQUISITION | |
| Stock number | De 8287 |
| 020 ## - NUMERO INTERNATIONAL NORMALISE DES LIVRES | |
| International Standard Book Number | 2-7111-2436-3 |
| 100 ## - VEDETTE PRINCIPALE - NOM DE PERSONNE | |
| Personal name | Greffe, Pierre |
| 100 ## - VEDETTE PRINCIPALE - NOM DE PERSONNE | |
| Language of a work | Fr |
| 260 ## - PUBLICATION, DISTRIBUTION, ETC. (IMPRINT) | |
| Place of publication, distribution, etc | Paris |
| 260 ## - PUBLICATION, DISTRIBUTION, ETC. (IMPRINT) | |
| Name of publisher, distributor, etc | Editions Litec |
| 245 ## - TITLE STATEMENT | |
| Title | La publicité et la loi en droit français, Union européene et Suisse |
| 260 ## - PUBLICATION, DISTRIBUTION, ETC. (IMPRINT) | |
| Date of publication, distribution, etc | 1995 |
| 300 ## - PHYSICAL DESCRIPTION | |
| Extent | 1021 p. |
| 300 ## - PHYSICAL DESCRIPTION | |
| Other physical details | 25cm |
| 630 ## - SUBJECT ADDED ENTRY--UNIFORM TITLE | |
| Uniform title | 659 - Publicité. Relations publiques |
| 650 ## - SUBJECT ADDED ENTRY--TOPICAL TERM | |
| Topical term or geographic name as entry element | 6 - SCIENCES APPLIQUEES |
| 650 ## - SUBJECT ADDED ENTRY--TOPICAL TERM | |
| Topical term or geographic name as entry element | Publicité // Droit |
| 650 ## - SUBJECT ADDED ENTRY--TOPICAL TERM | |
| Topical term or geographic name as entry element | Droit // Publicité |
| 700 ## - ADDED ENTRY--PERSONAL NAME | |
| Personal name | Greffe, François |
| 700 ## - ADDED ENTRY--PERSONAL NAME | |
| Personal name | préf., Bille, Jacques |
| Withdrawn status | Lost status | Damaged status | Not for loan | Location (home branch) | Sublocation or collection (holding branch) | Date acquired | Koha issues (times borrowed) | Koha full call number | Koha date last seen | Price effective from | Koha item type |
|---|---|---|---|---|---|---|---|---|---|---|---|
| Bibliothèque Universitaire Centrale | Bibliothèque Universitaire Centrale | 28/02/2009 | 659.113 BIL | 28/02/2009 | 28/02/2009 | Livre |